| 000 | 00319nam a22001217a 4500 | ||
|---|---|---|---|
| 020 | _a8121911141 | ||
| 082 |
_a670 _bSHA/TE |
||
| 100 |
_aSharma, P.C _9398 |
||
| 245 | _aA Textbook of Production Technology (Manufacturing Processes) | ||
| 260 |
_aNew Delhi _bS.Chand & Company Pvt.Ltd _c2014 |
||
| 300 | _a830 | ||
| 942 | _cBK | ||
| 999 |
_c14289 _d14289 |
||